000 00924nam a2200229Ii 4500
003 JO-AjNU
008 230605s9999||||xx |||||||||||||| ||und||
017 _a2002/15859
020 _a977-345-194-1
040 _aJO-AjNU
_bara
_erda
_cJO-AjNU
041 _aara
050 1 4 _aHF5415.15.M6712.2003
100 3 _aموريس،ستيفن؛الاعداد والترجمة:تيب توب لخدمات التعريب والترجمة شعبة العلوم الاقتصادية والادارية,
_eauthor
_933986
245 0 0 _aإدارة المنتج=Successful Product Management
250 _aط1
264 3 1 _aالقاهرة:دار الفاروق للنشر والتوزيع؛2003
300 _a160ص
_bيحتوي على ببلوغرافية من ص153-160ص
336 _atext
_btxt
_2rdacontent
337 _aunmediated
_bn
_2rdamedia
338 _avolume
_bnc
_2rdacarrier
650 4 _aالانتاج-ادارة
_933987
999 _aA13888
_c17456
_d17456